Global Perspectives on Leadership in Early Childhood Education (Record no. 190549)

MARC details
000 -LEADER
fixed length control field 00553nmm a2200145Ia 4500
020 ## - INTERNATIONAL STANDARD BOOK NUMBER
ISBN 9789523690882
245 #0 - TITLE STATEMENT
Title Global Perspectives on Leadership in Early Childhood Education
260 ## - PUBLICATION, DISTRIBUTION, ETC. (IMPRINT)
Place of publication Helsinki University Press
Year of publication 2023
650 ## - SUBJECT ADDED ENTRY--TOPICAL TERM
Topical Term pedagogy inclusion
700 ## - ADDED ENTRY--PERSONAL NAME
Personal name Modise, Matshediso Rebecca||Fonsén, Elina||Heikka, Johanna||Phatudi, Nkidi||Bøe, Marit||Phala, Thembi
856 ## - ELECTRONIC LOCATION AND ACCESS
Uniform Resource Identifier https://directory.doabooks.org/handle/20.500.12854/132237
942 ## - ADDED ENTRY ELEMENTS (KOHA)
Koha item type
Holdings
Withdrawn status Lost status Damaged status Not for loan Permanent Location Current Location Date acquired Price effective from Koha item type
        Library and Documentation Division NCERT Library and Documentation Division NCERT 11/20/2024 11/20/2024